Historische Rangliste der Fußball-Europameisterschaft - Statistiken

Allgemein
  • Dieses Quiz wurde 82 mal gespielt
    41 seit der letzten Aktualisierung
  • Das Durchschnittsergebnis liegt bei 13 aus 36
Antwortstatistiken
Mannschaft Teilnahmen Punkte Spiele Siege Unentschieden Niederlagen % Korrekt
Deutschland / Westdeutschland 14 104 58 30 14 14
97%
Spanien 12 99 53 28 15 10
89%
Frankreich 11 84 49 23 15 11
86%
Italien 11 85 49 22 19 8
86%
Die Niederlande 11 78 45 23 9 13
80%
England 11 70 45 18 16 11
71%
Portugal 9 75 44 21 12 11
71%
Belgien 7 39 26 12 3 11
49%
Dänemark 10 39 37 10 9 18
46%
Russland / Sowjetunion 12 46 36 13 7 16
46%
Tschechien / Tschechoslowakei 11 53 40 15 8 17
46%
Schweden 7 28 24 7 11 10
40%
Polen 5 14 17 2 4 7
37%
Türkei 6 23 23 7 3 14
37%
Kroatien 7 35 25 9 8 8
34%
Österreich 4 14 14 4 8 8
34%
Schweiz 6 26 23 5 2 7
34%
Griechenland 4 18 16 5 1 8
31%
Wales 2 16 10 5 2 4
29%
Serbien / Jugoslawien 6 13 17 3 6 10
23%
Ungarn 5 13 14 3 1 7
23%
Rumänien 6 12 20 2 3 12
20%
Schottland 4 9 12 2 2 7
20%
Slowakei 3 11 11 3 2 6
20%
Ukraine 4 13 14 4 4 9
20%
Irland 3 8 10 2 6 6
14%
Island 1 8 5 2 2 1
14%
Slowenien 2 6 7 2 1 1
14%
Bulgarien 2 4 6 1 1 4
11%
Finnland 1 3 3 1 0 2
11%
Lettland 1 1 3 1 1 2
11%
Norwegen 1 4 3 0 1 1
11%
Nord-Mazedonien 1 0 3 0 0 3
9%
Albanien 2 4 6 1 1 4
6%
Georgien 1 4 4 1 1 2
6%
Nordirland 1 3 4 1 0 3
3%
Keine übereinstimmenden Quizze gefunden
Verteilung der Resultate
Anzahl Personen mit jedem Resultat
Perzentil nach korrekt beantworteten Fragen
Ihre Resultats-Entwicklung
Sie haben dieses Quiz seit der letzten Aktualisierung nicht gespielt